A general introductory guide to the Egyptian collections in the Brtish Museum /

محفوظ في:

مؤلف مشترك: British Museum.

التنسيق: كتاب

اللغة: English

منشور في: London : British Museum, 1930.

الطبعة: 2nd ed.

الموضوعات:

الوسوم: إضافة وسم

لا توجد وسوم, كن أول من يضع وسما على هذه التسجيلة!

رقم الطلب: DT59 .B76 1930

LEADER 00635cam a2200205Mi 4500
001 ocn931116946
003 OCoLC
005 20240109114041.0
008 020719s1930 enka 000 0 eng d
050 0 0 |a DT59  |b .B76 1930 
110 2 |a British Museum. 
245 1 0 |a A general introductory guide to the Egyptian collections in the Brtish Museum /  |c British Museum. 
250 |a 2nd ed. 
264 1 |a London :  |b British Museum,  |c 1930. 
300 |a 476 pages :  |b illustrations ;  |c 21 cm 
336 |a text  |b txt  |2 rdacontent 
337 |a unmediated  |b n  |2 rdamedia 
338 |a volume  |b nc  |2 rdacarrier 
651 4 |a Egypt  |x Antiquities. 
999 |c 55305  |d 55305